|
|
|
|
| LEADER |
00720nab a2200193 i 4500 |
| 001 |
acta21697 |
| 005 |
20210527081107.0 |
| 008 |
161015s1968 hu o 0|| eng d |
| 022 |
|
|
|a 0563-0592
|
| 040 |
|
|
|a SZTE Egyetemi Kiadványok Repozitórium
|b hun
|
| 041 |
|
|
|a eng
|
| 100 |
1 |
|
|a Horváth Mária
|
| 245 |
1 |
0 |
|a Change of pigment content, protein content and that of the ribonuclease enzyme activity in intact plants and isolated barley leaves
|h [elektronikus dokumentum] /
|c Horváth Mária
|
| 260 |
|
|
|c 1968
|
| 300 |
|
|
|a 47-55
|
| 490 |
0 |
|
|a Acta biologica
|v 14 No. 1-4
|
| 695 |
|
|
|a Természettudomány
|
| 700 |
0 |
1 |
|a Lontai Imre
|e aut
|
| 856 |
4 |
0 |
|u http://acta.bibl.u-szeged.hu/21697/1/biologica_014_047-055.pdf
|z Dokumentum-elérés
|